Score 0/200 Timer 07:00
0 Plays Today
% Correct
a
97.2%
the
97.1%
the
97.1%
the
97.1%
the
97.1%
the
97.1%
the
97.1%
the
97.1%
the
97.1%
the
97.1%
the
97.1%
the
97.1%
the
97.1%
the
97.1%
the
97.1%
the
97.1%
the
97.1%
America!
96.7%
America!
96.7%
America,
96.7%
America!
96.7%
America!
96.7%
God
96.5%
God
96.5%
God
96.5%
God
96.5%
O
96.3%
bless
95.7%
bless
95.7%
bless
95.7%
of
95%
of
95%
of
95%
of
95%
of
95%
of
95%
of
95%
of
95%
of
95%
of
95%
of
95%
of
95%
I
94.9%
I
94.9%
land
93.9%
land
93.9%
land
93.9%
land
93.9%
land
93.9%
My
93.7%
My
93.7%
My
93.7%
my
93.7%
country,
92.3%
thee.
92.3%
thee,
92.3%
thee
92.3%
'tis
91.1%
and
90.7%
And
90.7%
and
90.7%
and
90.7%
and
90.7%
to
90.1%
to
90.1%
to
90.1%
to
90.1%
% Correct
to
90.1%
to
90.1%
to
90.1%
from
89.2%
From
89.2%
from
89.2%
From
89.2%
from
89.2%
that
88.6%
sweet
88.5%
sweet
88.5%
sweet
88.5%
love.
88.4%
mountain
86.9%
beautiful
86%
liberty,
85.8%
for
85.6%
for
85.6%
for
85.6%
for
85.6%
on.
83.5%
on
83.5%
on
83.5%
sea
83%
sea!
83%
sea.
83%
above
82.4%
above.
82.4%
with
81.6%
with
81.6%
with
81.6%
home
81.2%
home.
81.2%
home
81.2%
home.
81.2%
skies,
80.8%
her
80.5%
her
80.5%
Stand
79.8%
He
79.7%
He
79.7%
mountains
79.3%
beside
79.1%
spacious
79.1%
guide
79%
amber
78.8%
his
78.7%
His
78.7%
his
78.7%
sing;
78.6%
waves
78.5%
purple
78.3%
shining
78.3%
grain,
77.9%
where
77.2%
where
77.2%
fathers
77%
plain!
75.9%
light
74.7%
grace
73.8%
fruited
73%
pride,
72.8%
freedom,
72.7%
freedom
72.7%
died,
71.9%
oceans
71.7%
brotherhood
71.7%
% Correct
shed
70.7%
thy
70.5%
every
69.8%
good
69.4%
pilgrims'
69.3%
let
68.5%
ring.
68.1%
majesties
67.8%
white
66.5%
crown
66.5%
through
65.7%
prairies
65.5%
foam,
65.4%
night
63.2%
mountainside
62.9%
glory
59%
have
58.4%
we
58.2%
we
58.2%
shores
57.8%
Lord:
57.5%
is
56.6%
is
56.6%
seen
56.3%
coming
56.2%
eyes
55.8%
Tripoli,
55.8%
Mine
55.6%
halls
53.7%
are
53.5%
are
53.5%
Montezuma
53.5%
fight
49.3%
fight
49.3%
marching
48.7%
our
46.8%
our
46.8%
truth
46.6%
grapes
45.4%
wrath
45.3%
hath
45.2%
stored;
43.5%
in
42.2%
sword;
40.5%
battles
39.5%
Marine.
39.3%
swift
37.4%
out
37.4%
United
37.1%
States
37%
terrible
37%
country's
35.7%
air,
31.9%
vintage
31.6%
trampling
30.9%
proud
30.1%
right
29.7%
keep
27.8%
loosed
27.5%
lightning
27.2%
honor
24.7%
fateful
24.6%
title
23.3%
clean,
22%
First
21.9%
claim
18%

You're not logged in!

Compare scores with friends on all Sporcle quizzes.
OR
Log In

Sporcle TV

Today on Sporcle TV


Watch our educational content, quiz creation guides, and fun videos on Sporcle TV.

Show Comments

Extras

Top Quizzes Today


Score Distribution

Paid Content

Your Account Isn't Verified!

In order to create a playlist on Sporcle, you need to verify the email address you used during registration. Go to your Sporcle Settings to finish the process.

Report this User

Report this user for behavior that violates our Community Guidelines.

Details: